000 01152aam a2200301 i 4500
001 768714001
003 CO-MdFUSB
005 20240222155928.0
007 ta
008 240222t1943 -us |||| |||| 00| 0 eng d
040 _cCO-MdFUSB
041 0 _aeng
082 0 4 _a264.23
_223
_bM4788p
100 1 _aMcCutchan, Robert Guy (1877-1958)
_eautor
245 1 0 _aHymns in the lives of men
_c/ Robert Guy McCutchan
264 1 _bAbingdon Cokesbury Press,
_aNew York :
_c[1943]
264 4 _c©1943
300 _a208 páginas
_c; 20 cm
336 _atexto
_btxt
_2rdacontent
337 _2rdamedia
_asin mediación
_bn
338 _2rdacarrier
_avolumen
_bnc
505 _a¿Qué es la adoración? -- ¿Qué es el himno? -- ¿Fuentes paganas? -- Los Salmos. -- Cantos y cánticos. -- Primeros himnos griegos y latinos. -- Himnos y secuencias latinas posteriores. -- Corales y salmos métricos. -- El desarrollo del himno en Inglaterra. -- Nuestra herencia y contribución americana. -- La tendencia Ecuménica en himnodia.
563 _aPasta dura
650 0 _aVida cristiana
_919
942 _cBK
945 _aJTF-925
999 _c42431
_d42431